000 00292nam a2200133Ia 4500
008 231129s1968||||xx |||||||||||||| ||spa||
040 _bspa
082 _a909.040722 V279t
100 _aVansina Jan
245 0 _aLa tradicion oral
260 _c1968
264 _aLabor
942 _2ddc
_cBKS
999 _c18351
_d18351